Coupe du Monde de Football - Participant ? #2 - Statistiques

Statistiques générales
  • Ce quiz a été pris 96 fois
  • Le résultat moyen est 12 sur 15
Statistiques - réponses
Hint Réponse % Correct
Portugal Correct
99%
Ukraine Correct
96%
Hongrie Correct
96%
Suriname Incorrect
90%
Namibie Incorrect
88%
Belize Incorrect
86%
Malte Incorrect
85%
Chine Correct
79%
Ouganda Incorrect
79%
Philippines Incorrect
78%
Panama Correct
77%
Guatemala Incorrect
66%
Corée du Nord Correct
62%
Mali Incorrect
59%
Venezuela Incorrect
23%
Aucun quiz correspondant
Distribution des résultats
% des personnes avec chaque résultat
Percentile par nombre de réponses
Votre historique - résultats
Vous n’avez pas pris ce quiz